01558nam a2200217 a 4500008004100000020001500041041000800056092001700064100002800081245007600109250005800185260003400243300001100277500011000288505060500398590006501003655001701068942001301085999001501098952022701113161215t2004 ag |||g |||| 00| 1 spa d a9500301245 aspa c808l10sCAS1 aCasona, Alejandro932674 aLos árboles mueren de pie.bComedia en tres actos /cAlejandro Casona a38a ed.bPrólogo y notas Stella Maris H. Miravalles aBuenos Aires:bLosada;c2004. a151 p. aCasona, A. (2004). Los árboles mueren de pie. Comedia en tres actos. (38a ed.). Buenos Aires : Losada.  aEsta obra está vinculada, por sus escenas iniciales, con otra anterior: Prohibido suicidarse en primavera, ya que ambas se relacionan con una institución de caridad -de características muy peculiares- fundada por el doctor Ariel, "que pretende llegar a la caridad, por medio de la poesía". El título adelanta como temática central, el poder de la voluntad movida por fines altruistas, capaz del disimulo aún en circunstancias en que un dolor muy grande nos haga morir por dentro. Al final del drama es la misma abuela Eugenia, destacada como protagonista, quien se encarga de aclararlo. aProyecto 4to libro. Donación Adriana Navarro. Febrero 2019 aTeatro93268 2ddccLIT c2862d2862 00102ddc4070aBFMbBFMcCRd2019-02-28eProyecto 4to libro. Donación Adriana Navarro. Febrero 2019l0o808 10 CASp4389r2019-02-28tEj. 1w2019-02-28yLITzProyecto 4to libro. Donación Adriana Navarro. Febrero 2019